アーケード版「アイドルマスター」に登場する曲 - Statistics

General Stats
  • This quiz has been taken 16 times
  • The average score is 5 of 10
Answer Stats
Hint Answer % Correct
菊地真 エージェント夜を往く
92%
全体 THE IDOLM@STER
77%
如月千早 蒼い鳥
62%
高槻やよい おはよう!!朝ご飯
38%
秋月律子 魔法をかけて!
38%
双海亜美/真美 ポジティブ!
38%
天海春香 太陽のジェラシー
31%
三浦あずさ 9:02pm
31%
萩原雪歩 First Stage
31%
水瀬伊織 Here we go!!
31%
No matching quizzes found
Score Distribution
Percent of People with Each Score
Percentile by Number Answered
Your Score History
You have not taken this quiz